000 02827cam a22005774i 4500
003 PE-LiUPU
005 20250731165512.0
008 180309s2009 ne a r0 000 0 eng d
020 _a9789004297203
020 _a9789004326835
020 _a9789004309173
035 _a(Sirsi) a241510
040 _aPE-LiUPU
_bspa
_cPE-LiUPU
_erda
049 _aPRUA
082 0 4 _a016.26127
_bC5
_223
245 0 0 _aChristian Muslim relations :
_ba bibliographical history /
_ceditor, Barbara Roggema.
264 1 _aLeiden :
_bBrill,
_c2009.
300 _a3 volumenes :
_bilustraciones ;
_c24 centímetros.
336 _atext
_2rdacontent
337 _aunmediated
_2rdamedia
338 _avolume
_2rdacarrier
490 0 _aHistory of Christian-Muslim relations ;
_v11, 14-15, 17, 20, 22, 24, 29, 31-33
505 0 _aMartha frederiks, introducction: Christians, muslims and empieres -- Alan guenther, the arrival of european christians in India during -- Works on chistian-Muslim relations -- Central and eastern Europe -- Middle eastern north africa -- Asi, africa and south america.
505 0 _aPeter Riddell, introduction: Christian-Muslim relation -- Barbara Watson Andaya, islam and christianity in south-east asia -- Martha Frederiks, enforced migration: an atlantic narrative in Christian-Muslim relations -- Works on christian-Muslim relations -- South Asia -- South-East asia, china and Japan -- Africa and the americas.
505 0 _aWorks on Christian-Muslim relations -- British isles -- The netherlands and scandinavia -- Poland and lithuania -- Russia.
526 _aSEG44
526 _aSEG26
526 _aP151
526 _aP150
526 _aP149
526 _aP146
526 _aP145
526 _aP126
526 _aP125
526 _aP92
526 _aP75
526 _aP74
526 _aP27
526 _aP15
650 0 4 _aInterfaith relations.
650 0 4 _aRelaciones interreligiosas.
_91493
700 1 _aRoggema, Barbara,
_eeditor.
910 _adbm
_bksl
_cksl
_d20180309
942 _2ddc
_cBOOK
994 _aC0
_bPEPRU
596 _a1
999 _a016.26127 C5
_wLC
_c27137
_i78474
_d27137
_f2021-11-8
_g4
_lCCODEBUL1
_mBUL
_p351.00
_q1
_r0
_sY
_tBOOK
_u2018-3-9
_xTEOLOGIA
_PP35
_0COMPRA
_1FCOMPRA
_o.PUBLIC. Documento de alto precio
_o.STAFF. Colección Teología
999 _a016.26127 C5
_wLC
_c2
_i78475
_f2021-11-8
_g4
_lCCODEBUL1
_mBUL
_p229.00
_r0
_sY
_tBOOK
_u2018-3-9
_xTEOLOGIA
_PP35
_0COMPRA
_1FCOMPRA
_o.PUBLIC. Documento de alto precio
_o.STAFF. Colección Teología
999 _a016.26127 C5
_wLC
_c3
_i78476
_f2021-11-8
_g4
_lCCODEBUL1
_mBUL
_p299.00
_r0
_sY
_tBOOK
_u2018-3-9
_xTEOLOGIA
_PP35
_0COMPRA
_1FCOMPRA
_o.PUBLIC. Documento de alto precio
_o.STAFF. Colección Teología
980 _81
_gALBERTO SANCHEZ Responsable de Automatización